Largest cities in Austria-Hungary Empire - Statistics

General Stats
  • This quiz has been taken 4,292 times
  • The average score is 9 of 15
Answer Stats
Answer Numbers of citizens % Correct
Vienna 2,083,630
99%
Budapest 1,232,026
98%
Prague 668,000
88%
Bratislava 78,157
80%
Zagreb 79,038
79%
Graz 151,781
70%
Kraków 151,886
61%
Brno 125,737
60%
Trieste 229,510
57%
Lviv 206,113
53%
Debrecen 90,764
47%
Szeged 118,328
35%
Plzeň 80,343
22%
Subotica 94,610
17%
Chernivtsi 87,100
10%
No matching quizzes found
Score Distribution
Percent of People with Each Score
Percentile by Number Answered
Your Score History
You have not taken this quiz